000 00782nab a2200241 u 4500
001 10192
003 HDC
007 cr bn ---aaaaa
008 210203c9999 |r|nos 0 a eng d
040 _aHDC
110 _aSaudi Gazette
245 0 _aFrench start-up nibbles at Halal food market
260 _a[no place] :
_b[publisher not identified],
_c[no year]
336 _atext
_2rdacontent
337 _acomputer
_2rdamedia
338 _aonline resource
_2rdacarrier
650 _aHalal food market
_92149
650 _ahalal test
_910435
856 _zRequest full-text at [email protected]
942 _2lcc
942 _cNEWS
942 _kNWSO 000120
999 _c7515
_d7515